[Event "XIV American Continental-ch 2019"]
[Site "Sao Paulo"]
[Date "2019.07.11"]
[Round "9.10"]
[White "Gemy, Jose Daniel"]
[Black "Leitao, Rafael"]
[Result "0-1"]
[WhiteElo "2371"]
[BlackElo "2616"]
[Annotator "TA"]
[PlyCount "78"]
[EventDate "2019.07.05"]
[EventType "swiss"]
[EventCountry "BRA"]
[SourceTitle "playchess.com"]
[Source "ChessBase"]
[SourceQuality "1"]

{[%evp 17,78,0,0,-12,-15,-20,-20,-58,-62,-48,-45,-76,-69,-65,-46,-51,-21,-22,-13,-30,-36,-30,-30,-44,-12,-8,0,0,-16,-16,-6,-3,-7,-20,-20,-18,-12,-9,0,-12,0,0,0,-8,0,0,0,-43,-39,-47,-22,-83,-85,-178,-91,-215,-215,-518,-514,-512,-508,-477,-477]} 1. e4 c5 2. Nf3 d6 3. g3 Nc6 4. Bg2 g6 5. O-O Bg7 6. c3 e5 7. d3 Nge7 8. a3 O-O 9. b4 a6 10. Nbd2 {A04: Unusual lines after 1 Nf3 and King's Indian Attack} h6 (10... Be6 11. Ng5 Bd7 12. Nc4 h6 13. Nxd6 hxg5 14. Nxb7 Qc8 15. Nxc5 g4 16. Bg5 Re8 17. Qb3 Nd8 {0-1 (47) Petrosian,T (2601)-Carlsen,M (2837) Riadh 2017}) 11. Nb3 b6 12. a4 $146 {The position is equal.} ({Predecessor:} 12. Nfd2 f5 13. a4 cxb4 14. cxb4 Nxb4 15. Ba3 a5 16. Bxb4 axb4 17. exf5 Bxf5 18. Bxa8 Qxa8 {0-1 (28) Ghasi,A (2467)-Hawkins,J (2582) Llandudno 2017}) 12... cxb4 13. cxb4 Nxb4 14. a5 Be6 15. Be3 bxa5 16. Nxa5 Nec6 (16... Rc8 $5 {[%cal Rb4c2]} 17. Qb1 Rb8 $15) 17. Nxc6 Nxc6 18. Qc1 Na5 19. Qa3 Nb3 20. Rab1 Nc5 {[#]} 21. Nxe5 $1 {[%mdl 512]} dxe5 22. Bxc5 Re8 23. Rfd1 Qd7 24. Qa5 Rec8 25. Rb6 Bf6 {Threatens to win with ...Bd8.} 26. Rbb1 h5 27. h4 Qc7 28. Bb6 Qd6 29. d4 exd4 30. e5 Bxe5 {Strongly threatening ...Rab8.} 31. Bxa8 Rxa8 32. Qc5 Qxc5 33. Bxc5 Bf5 34. f4 (34. Ra1 $11 {remains equal.}) 34... Bg7 $17 35. Rb6 {[#]} (35. Rb2 $17) 35... Rc8 (35... Bc2 $1 $19 {[%cal Rc2d1]} 36. Rd2 d3) 36. Bxd4 (36. Bb4 $17) 36... Rd8 $19 37. Rb4 $2 (37. Rxa6 {is a better chance.} Bxd4+ 38. Kg2) 37... a5 {Black is clearly winning.} 38. Rc4 Be6 39. Ra4 Bb3 $1 {[%csl LRa4,LRd1][%mdl 64] Double Attack. Accuracy: White = 47%, Black = 57%.} 0-1

[Event "XIV American Continental-ch 2019"]
[Site "Sao Paulo"]
[Date "2019.07.11"]
[Round "9.11"]
[White "Mecking, Henrique"]
[Black "Cadilhac, Igor Tokuichi Kikuch"]
[Result "1/2-1/2"]
[WhiteElo "2576"]
[BlackElo "2291"]
[Annotator "TA"]
[PlyCount "86"]
[EventDate "2019.07.05"]
[EventType "swiss"]
[EventCountry "BRA"]
[SourceTitle "playchess.com"]
[Source "ChessBase"]
[SourceQuality "1"]

{[%evp 21,86,23,27,26,26,26,30,27,23,19,25,0,0,0,0,0,0,0,4,-1,0,0,5,5,3,2,6,10,8,2,16,16,16,16,15,15,16,16,16,16,16,16,16,16,20,16,18,16,16,18,20,20,20,9,15,0,20,20,20,20,20,0,20,12,12,12,12]} 1. d4 $146 ({Predecessor:} 1. Nf3 d5 2. g3 Nf6 3. Bg2 e6 4. O-O Be7 5. c4 O-O {½-½ (28) Meier,G (2628)-Giri,A (2782) Dortmund 2018}) 1... Nf6 2. Nf3 e6 3. g3 d5 4. Bg2 Be7 5. c4 O-O 6. O-O dxc4 7. Ne5 Nc6 8. Bxc6 bxc6 9. Nxc6 Qe8 10. Nxe7+ Qxe7 11. Qa4 e5 12. dxe5 {E05: Open Catalan: 5 Nf3 Be7} Qxe5 13. Nc3 Ne4 14. Qxc4 {White has an edge.} Nxc3 15. bxc3 Be6 16. Bf4 (16. Qd3 {looks sharper.} Rad8 17. Bf4 Qh5 18. Qa6 Bg4 19. Rfe1) 16... Bxc4 {The position is equal.} 17. Bxe5 c6 18. Rfe1 Rfe8 19. Bd4 Bxe2 20. Kg2 a6 21. a4 Re6 22. f3 Rae8 23. Kf2 Bd3 24. Rxe6 Rxe6 $11 {[%mdl 4096] Endgame KRB-KRB} 25. Ra2 f6 26. g4 g5 27. Rb2 Kf7 28. Kg3 Kg6 29. h4 h5 30. hxg5 fxg5 31. gxh5+ Kxh5 32. Rb8 Be2 33. Rh8+ Kg6 34. Rg8+ Kf5 35. a5 Bd1 36. Rd8 Be2 37. Kf2 Bc4 38. Kg3 Be2 39. Rf8+ Kg6 40. Rg8+ Kf5 41. Rf8+ Kg6 42. f4 gxf4+ 43. Kxf4 Bb5 {Accuracy: White = 68%, Black = 88%.} 1/2-1/2

[Event "XIV American Continental-ch 2019"]
[Site "Sao Paulo"]
[Date "2019.07.12"]
[Round "9.12"]
[White "Krysa, Leandro"]
[Black "Hernandez Sanchez, Jairo Andres"]
[Result "0-1"]
[WhiteElo "2517"]
[BlackElo "2387"]
[Annotator "TA"]
[PlyCount "102"]
[EventDate "2019.07.05"]
[EventType "swiss"]
[EventCountry "BRA"]
[SourceTitle "playchess.com"]
[Source "ChessBase"]
[SourceQuality "1"]

{[%evp 15,101,23,13,8,18,8,0,4,33,0,2,0,1,0,0,-12,-16,-14,-43,-4,37,44,81,81,170,152,159,148,87,-10,-24,0,94,0,105,75,117,106,112,108,138,-29,35,-195,1,25,168,175,167,168,268,270,509,516,665,0,0,0,0,0,0,0,0,0,13,0,0,-14,0,0,0,-14,-14,-30,-29,-21,0,-10,0,-90,-88,-195,-139,-278,-292,-254,-271,-29999]} 1. d4 Nf6 2. c4 g6 3. Nf3 Bg7 4. g3 O-O 5. Bg2 d6 6. O-O Nbd7 7. Nc3 e5 8. b3 Re8 9. dxe5 {E67: King's Indian: Fianchetto: 6...Nbd7} (9. e4 exd4 10. Nxd4 Nc5 11. f3 a5 12. Be3 Nfd7 13. Qc2 f5 14. Rad1 fxe4 15. fxe4 c6 16. h3 Qe7 17. Kh2 Ne5 18. Qd2 Ne6 19. Nde2 a4 {½-½ (36) Mamedyarov,S (2799)-Demchenko,A (2660) Riadh 2017}) 9... dxe5 10. Ba3 c6 11. Nd2 {The position is equal.} Nf8 $146 ({Predecessor:} 11... Qa5 12. Qc1 e4 13. b4 Qh5 14. Ncxe4 Nxe4 15. Nxe4 Bxa1 16. Qxa1 Qg4 17. Qd4 Qe6 {1-0 (75) Panchanathan,M (2494)-Johansson,V (2222) Reykjavik 2006}) 12. Qc1 Bf5 13. c5 Bh6 14. e3 Qe7 15. Nc4 Bd3 16. Rd1 Bxc4 17. bxc4 Ne6 18. Nd5 cxd5 19. c6 Qd8 (19... Qc7 $16 20. cxd5 Nd4) 20. cxd5 $18 (20. cxb7 $6 Rb8 $16) 20... Nd4 21. Qc4 $1 Nf5 22. d6 ({Better is} 22. c7 $16 Qd7 23. d6) 22... bxc6 $11 23. Bxc6 Nd7 (23... Rb8 $11 {keeps the balance.}) 24. Rab1 {[#]} (24. Qb5 $1 $16 Nxe3 25. Bxd7) 24... Rc8 (24... Bxe3 $1 $11 {remains equal.} 25. Rb7 (25. fxe3 Nxe3) 25... Qf6) 25. Rb7 {[%mdl 1088] Hoping for Qd5. Double Attack. White has strong compensation.} Rf8 26. Qa4 (26. Rxd7 Qxd7 27. Bxd7 Rxc4 $17) 26... Nb6 27. Qe4 $1 $36 {[%mdl 2048] Strongly threatening d7. White is really pushing.} Bg5 28. Kg2 $2 (28. d7 $16 Be7 29. Bb2) 28... Rb8 (28... Qf6 $1 $11 29. h4 Bxe3 $1 {[%mdl 512]}) 29. Rc7 $2 {[#]} (29. Rxb8 $14 {stays ahead.} Qxb8 30. g4 Nh4+ 31. Kg1) 29... Nc8 $2 (29... Bxe3 $1 $19 {[%mdl 512]} 30. g4 (30. fxe3 $2 Nc4 $19 {[%mdl 64] Double Attack}) 30... Nh4+ 31. Kh1 Bg5) 30. Qxe5 {And now d7 would win.} Qf6 (30... Bf6 $11 31. Qf4 Nb6) 31. Qxf6 $18 Bxf6 {[#]} 32. d7 $1 {[%csl LRc8,LRf8]} Nce7 (32... Be7 $142 33. Bf3 (33. dxc8=Q Rfxc8 34. Rxc8+ Rxc8 $16) 33... Ncd6) 33. e4 Nxc6 $2 (33... Ng7 {was necessary.} 34. d8=Q Rfxd8 35. Rxd8+ Rxd8) 34. Bxf8 ({Inferior is} 34. Rxc6 Be7 $11) ({Less strong is} 34. exf5 Nb4 $16) 34... Nd8 35. Rc8 $2 (35. Ba3 $18) 35... Ne3+ $1 $11 36. fxe3 Rb2+ 37. Kf3 Kxf8 38. e5 Be7 39. a4 Ra2 40. Rd4 {aiming for h4.} Rxh2 41. Ra8 Kg7 42. Rxa7 Ne6 {( -> ...Ng5+)} 43. Ke4 Bd8 44. Rd1 Ra2 45. Kd5 Ra3 46. Kd6 h5 47. Ra8 {[#]} (47. Rc1 $11) 47... Kf8 $1 $17 48. Rd5 (48. a5 $17) 48... Rxe3 $19 49. a5 Rxg3 50. a6 Ra3 51. a7 $2 (51. Rd1 $19) 51... Ra6# {Accuracy: White = 34%, Black = 45%.} 0-1

[Event "XIV American Continental-ch 2019"]
[Site "Sao Paulo"]
[Date "2019.07.12"]
[Round "9.13"]
[White "Tomiello, Lucas Costamilan"]
[Black "Cubas, Jose Fernando"]
[Result "1/2-1/2"]
[WhiteElo "2133"]
[BlackElo "2493"]
[Annotator "TA"]
[PlyCount "160"]
[EventDate "2019.07.05"]
[EventType "swiss"]
[EventCountry "BRA"]
[SourceTitle "playchess.com"]
[Source "ChessBase"]
[SourceQuality "1"]

{[%evp 9,160,39,28,21,9,20,64,64,61,0,55,49,51,50,56,47,56,49,51,50,53,55,52,51,72,67,218,216,207,210,221,212,210,223,215,202,226,181,181,147,147,146,147,147,153,145,153,134,138,129,275,260,319,319,336,323,283,283,283,283,283,260,715,51,51,51,59,8,8,8,8,8,20,8,8,8,12,12,12,12,12,12,12,12,12,12,12,8,8,8,8,8,8,8,8,8,12,12,12,12,12,12,12,12,12,4,4,4,12,12,12,12,12,12,12,12,12,12,25,25,25,25,25,25,25,25,25,25,25,25,25,25,25,8,8,8,8,0,8,8,8,0,8,0,8,8,8,0,8,0,8,8,8]} 1. e4 e6 2. d4 d5 3. Nd2 a6 4. Ngf3 Nf6 5. Bd3 c5 6. exd5 {C03: French Tarrasch: Unusual Black 3rd moves} Qxd5 (6... exd5 7. Qe2+ Qe7 8. Qxe7+ Bxe7 9. dxc5 Bxc5 10. Nb3 Bb6 11. O-O O-O 12. Nbd4 Nc6 13. Be3 Nb4 14. Be2 Ng4 {½-½ (93) Naiditsch,A (2712)-Kuzubov,Y (2621) Melilla 2011}) 7. dxc5 Nbd7 $146 ({Predecessor:} 7... Qxc5 8. O-O Be7 9. a4 Nbd7 10. a5 Qc7 11. Nc4 O-O 12. Qe2 Nd5 {½-½ (33) Ivanov,A (2506)-Rozentalis,E (2553) Acqui Terme 2015}) 8. b4 {[%cal Bb2b4,Bb4b5][%mdl 32] White is slightly better.} b6 9. Bc4 (9. cxb6 $14 Bxb4 10. Rb1) 9... Qc6 (9... Qh5 $11) 10. a4 $14 bxc5 11. b5 Qc7 12. Bb2 $36 {[%mdl 2048] White has the initiative.} Be7 13. O-O O-O 14. Bd3 axb5 15. axb5 Bb7 16. c4 Ng4 17. h3 Nge5 $2 (17... Rxa1 $14 18. Qxa1 Ngf6) 18. Nxe5 $18 Nxe5 {[#]} 19. Bxh7+ $1 {[%mdl 576] Decoy} Kxh7 20. Qh5+ Kg8 {Hoping for ...Nd3.} 21. Qxe5 Qxe5 22. Bxe5 f6 23. Bc3 Kf7 24. Rxa8 Rxa8 {[#]} 25. Ra1 $1 Rxa1+ 26. Bxa1 $16 {[%mdl 4096] Endgame KBB-KBN} e5 27. Bb2 Bc8 28. Ba3 Ke8 29. Ne4 Be6 (29... f5 $16 30. Nxc5 e4) 30. Bxc5 $18 Bxc4 31. Bxe7 Kxe7 {[#] KB-KN} 32. b6 $1 {[%cal Rb6b7]} Bd5 33. Nc5 Kd6 34. b7 Kc7 35. h4 Bxb7 $2 (35... Bc4 36. Kh2 Kb8) 36. Ne6+ $2 ({Only move:} 36. Nxb7 $18 Kxb7 37. Kh2) 36... Kd6 $14 37. Nxg7 Bc8 $1 38. Kh2 (38. Nh5 $14 Ke6 39. f3) 38... Ke7 $11 39. Nh5 Kf7 40. Ng3 Kg6 41. f3 f5 42. f4 exf4 43. Ne2 Kh5 44. Kh3 f3 $1 {[%cal Rf3e2]} 45. Nf4+ Kh6 {( -> ...f2)} 46. gxf3 Bb7 47. Kg3 Bc6 48. Kf2 Bb7 49. Ke3 Bc6 50. Ng2 Kh5 51. Kf4 Bd5 52. Kg3 {White threatens Nf4+ and mate.} Bb7 53. Nf4+ Kh6 54. Ne6 Kh5 55. f4 Ba6 56. Nd4 Bd3 57. Nf3 Ba6 58. Ne1 Bb5 59. Nc2 Bd3 60. Ne3 Be4 61. Kh3 Bd3 62. Nd1 Be4 63. Nf2 Bb1 (63... Bd5 {is interesting.} 64. Nd3 Bc4 65. Nc5 Bf1+ 66. Kg3 Bb5) 64. Nh1 Bc2 65. Ng3+ Kg6 66. Kg2 Bd1 67. Kf2 Bg4 68. Ke3 Bh3 69. Kd4 Bg4 70. Ke5 Bh3 71. Nxf5 Kh5 {The position is equal.} 72. Kf6 Bg4 73. Ke5 Bh3 74. Ke4 Bg2+ 75. Ke5 {Threatens to win with Ng7+.} Bh3 76. Kf6 Bg4 77. Ne3 Bh3 78. Nf5 Bg4 79. Ne3 Bh3 80. Kg7 Kxh4 {Accuracy: White = 65%, Black = 73%.} 1/2-1/2

[Event "XIV American Continental-ch 2019"]
[Site "Sao Paulo"]
[Date "2019.07.11"]
[Round "9.14"]
[White "Hambleton, Aman"]
[Black "Abdalla, Luiz Guilherme Aurel"]
[Result "1-0"]
[WhiteElo "2487"]
[BlackElo "2245"]
[Annotator "TA"]
[PlyCount "71"]
[EventDate "2019.07.05"]
[EventType "swiss"]
[EventCountry "BRA"]
[SourceTitle "playchess.com"]
[Source "ChessBase"]
[SourceQuality "1"]

{[%evp 17,71,4,21,-13,0,-29,-29,-31,-22,-40,0,-39,-31,-39,0,-16,0,-22,-21,-74,-75,-103,-108,-107,-104,-129,112,63,94,75,70,66,86,77,63,72,75,60,95,95,333,311,324,299,310,256,256,256,267,236,257,208,558,560,1560,1549]} 1. c4 c5 2. Nf3 Nc6 3. Nc3 g6 4. d4 cxd4 5. Nxd4 Bg7 6. Nc2 Nf6 7. e4 d6 8. Be2 O-O 9. O-O Nd7 10. Re1 {B37: Sicilian: Maroczy Bind with 5...Bg7, sidelines} (10. Bd2 a5 11. Re1 Nc5 12. Bf1 Ne5 13. Be3 Be6 14. Bd4 a4 15. Ne3 Bd7 16. Qd2 Ne6 17. Ne2 Nxd4 18. Nxd4 Nc6 {0-1 (56) Inarkiev,E (2693)-Mamedov,R (2703) St Petersburg 2018}) 10... Nc5 11. Bf1 Bxc3 12. bxc3 {Black has an edge.} Qa5 13. Bd2 $146 ({Predecessor:} 13. Qd2 Be6 14. f4 Na4 15. Rb1 Qxc3 16. Qf2 f5 17. Re3 Qf6 {1-0 (43) Zavarce,O (2361)-Marquez Ruiz,A (2229) Merida 2016}) 13... Qa4 14. Bh6 Re8 15. Qd2 Be6 16. Nb4 Rac8 17. f4 f6 18. Re3 (18. Rab1 $11 {remains equal.}) 18... Na5 $17 {Strongly threatening ...Nab3!} 19. Qe1 Nxc4 20. Rg3 {White wants to play f5.} Bf7 21. h4 {[#]} Nd7 $2 {[#]} (21... Nd2 $1 $17 {[%mdl 512] keeps the pressure on.} 22. Qxd2 Nxe4 {[%mdl 64] Double Attack}) 22. h5 $1 $16 Qa5 23. hxg6 hxg6 24. Rd1 Rc5 {[#]} 25. e5 $1 {[%mdl 512]} Ncxe5 ({Not} 25... fxe5 $2 26. Qe4 $18) (25... dxe5 26. Rxd7) 26. fxe5 Rxe5 27. Be3 Kg7 {[#]} 28. Nd3 $1 {[%cal Rd3e5]} Re4 $2 {[#]} (28... Rh5 $16) 29. Bh6+ $1 $18 {[%mdl 576] Discovered Attack} Kxh6 30. Qxe4 Kg7 31. Nf4 Ne5 32. Bd3 {[%cal Rf4g6]} Rh8 33. Bb1 ({Resist} 33. Qxb7 $6 Qc5+ 34. Kf1 Rh4 $16) 33... Qb6+ 34. Qe3 Qb5 $2 {[#]} (34... Qxe3+ {is a better chance.} 35. Rxe3 Rh4) 35. Bxg6 $1 {[%mdl 512] Hoping for Bd3+.} Bxg6 (35... Nxg6 36. Nxg6) 36. Nxg6 {Accuracy: White = 61%, Black = 42%.} 1-0

[Event "XIV American Continental-ch 2019"]
[Site "Sao Paulo"]
[Date "2019.07.12"]
[Round "9.15"]
[White "Escalante Ramirez, Brian Sebasti"]
[Black "Mieles Palau, Daniel"]
[Result "1/2-1/2"]
[WhiteElo "2447"]
[BlackElo "2359"]
[Annotator "TA"]
[PlyCount "116"]
[EventDate "2019.07.05"]
[EventType "swiss"]
[EventCountry "BRA"]
[SourceTitle "playchess.com"]
[Source "ChessBase"]
[SourceQuality "1"]

{[%evp 26,116,58,31,37,47,65,0,0,1,1,1,1,0,6,7,15,9,15,14,10,16,5,0,0,0,0,0,0,0,0,0,0,-7,-7,-10,-4,-50,-18,-48,0,0,0,0,0,0,7,0,148,147,147,138,159,157,160,154,156,143,143,90,345,118,97,108,111,123,103,14,204,216,204,212,174,109,106,43,50,8,8,8,8,9,22,0,0,0,0,0,0,0,0,0,0]} 1. e4 c5 2. Nc3 Nc6 3. Nge2 g6 4. d4 cxd4 5. Nxd4 Bg7 6. Be3 d6 7. Qd2 Nf6 8. f3 O-O 9. O-O-O Nxd4 10. Bxd4 Be6 11. Kb1 Qc7 12. g4 Rfc8 13. h4 Qa5 14. Qg5 Qxg5 {B76: Sicilian Dragon: Yugoslav Attack, 9 g4 and 9 0-0-0} 15. hxg5 Nd7 16. Nd5 ({White should play} 16. Be2 $14) (16. Be2 Bxd4 17. Rxd4 f6 18. gxf6 Nxf6 19. Nd5 Bxd5 20. exd5 Rc5 21. c4 Kg7 22. f4 {1-0 (41) Kraai,J (2509)-Khachiyan,M (2511) Saint Louis 2011}) 16... Bxd5 $1 $11 17. exd5 Bxd4 18. Rxd4 Rc5 $146 ({Predecessor:} 18... Rc7 19. f4 Kg7 20. Rh3 Rac8 21. c3 Nb6 22. Re3 {1-0 (45) Hertz,M (1561)-Schjelderup,N (1882) Oslo 2014}) 19. c4 Rac8 20. Be2 R5c7 21. b3 Nc5 22. Bd1 e5 23. dxe6 Nxe6 24. Rxd6 Nxg5 25. Re1 Ne6 26. Bc2 b6 27. Be4 Kg7 28. Kb2 Nc5 29. Bb1 Rc6 30. Rdd1 Rf6 31. Re3 Rf4 32. Kc3 Rc7 33. b4 Ne6 34. Be4 Kf6 35. Rh1 Ng5 36. Bd5 Re7 (36... Kg7 $11 {keeps the balance.}) 37. Rxe7 $16 Kxe7 {[%mdl 4096] Endgame KRB-KRN} 38. Kd3 Kd6 39. Ke3 Ke5 40. a4 f5 41. gxf5 Kxf5 42. a5 ({Better is} 42. Rd1) 42... b5 $2 {[%mdl 8192]} (42... Ke5 $16) 43. c5 $2 ({Not} 43. cxb5 Rxb4 44. f4 Rxb5 $16) (43. a6 $18 {is the precise move to win.}) 43... Rxb4 44. c6 Ne6 45. Rxh7 Ke5 46. Be4 (46. Bxe6 $16 {c7 would kill now.} Kxe6 47. Rxa7) 46... Rc4 $2 (46... a6 $1 $11 {and Black stays safe.}) 47. Rxa7 $18 Nc5 {[%cal Rc5e4]} 48. Bxg6 Rc3+ 49. Ke2 (49. Kd2 $18 b4 50. Bf7) 49... Kd6 $16 50. Be8 (50. f4 $16) 50... b4 $14 {[%cal Bb5b4,Bb4b3][%mdl 32]} 51. Rh7 {[#] And now c7 would win.} b3 $1 {The position is equal.} 52. c7 Ne6 53. Rd7+ Ke5 54. Rd1 Rxc7 55. Rb1 Rc2+ 56. Kd1 Nc5 {aiming for ...Rg2.} 57. Rxb3 {[%mdl 64] [#] Remove Defender} Nxb3 58. Kxc2 Nxa5 {Accuracy: White = 49%, Black = 64%.} 1/2-1/2

[Event "XIV American Continental-ch 2019"]
[Site "Sao Paulo"]
[Date "2019.07.11"]
[Round "9.16"]
[White "Tsuboi, Edson Kenji"]
[Black "Quintiliano Pinto, Renato R."]
[Result "0-1"]
[WhiteElo "2233"]
[BlackElo "2443"]
[Annotator "TA"]
[PlyCount "72"]
[EventDate "2019.07.05"]
[EventType "swiss"]
[EventCountry "BRA"]
[SourceTitle "playchess.com"]
[Source "ChessBase"]
[SourceQuality "1"]

{[%evp 25,72,14,18,-11,-25,-24,-20,-60,-59,-63,-24,-43,-6,-14,-18,-12,0,-11,0,0,6,0,2,-134,-129,-122,-131,-138,-123,-108,-54,-192,-186,-183,-181,-165,-156,-155,-150,-153,-159,-154,-157,-272,-266,-300,-291,-416,-416]} 1. e4 c5 2. Nf3 d6 3. d4 cxd4 4. Nxd4 Nf6 5. Nc3 a6 6. Be3 e6 7. Be2 Be7 8. O-O O-O 9. f4 Nc6 10. Qe1 Nxd4 11. Bxd4 b5 12. a3 Bb7 13. Qg3 g6 14. Bf3 {B85: Sicilian Scheveningen: 6 Be2 a6, lines with early Be3} (14. Bd3 a5 15. Rae1 b4 16. Nb5 bxa3 17. bxa3 Bc6 18. c4 Nd7 19. Qh3 e5 20. Be3 exf4 21. Bxf4 Ne5 22. Kh1 {½-½ (60) Kravtsiv,M (2621)-Bruzon Batista,L (2659) Berlin 2015}) 14... a5 {[%cal Ba6a5,Ba5b4][%mdl 32]} 15. Rae1 b4 16. axb4 {The position is equal.} axb4 17. Nd1 Nd7 $146 ({Predecessor:} 17... Rc8 18. Ne3 Re8 19. Qh3 Bc6 20. Rd1 Nxe4 21. Bxe4 Bxe4 {0-1 (35) Osmanodja,F (2309)-Ziaziulkina,N (2401) Khanty-Mansiysk 2015}) 18. Qf2 Rc8 19. Qd2 e5 20. Be3 Qc7 21. Qxb4 Nf6 22. Qc3 Qd7 ({Of course not} 22... Bxe4 23. Qxc7 Rxc7 24. fxe5 $16) 23. Qd3 Qc6 $1 $36 {[%mdl 2048] Black fights for an advantage.} 24. Nc3 (24. Qb3 $11 {remains equal.}) 24... Ba6 $17 25. Qd2 Bxf1 26. Rxf1 Qb7 27. Rb1 Rfd8 (27... Bd8 $17 28. fxe5 dxe5) 28. Nd5 (28. Qd3 $15) 28... Nxd5 $19 29. exd5 exf4 30. Bd4 Bf8 31. Qxf4 {[#] Threatening mate with Qf6.} Bg7 32. Bxg7 Kxg7 33. Qd4+ Kg8 34. c4 (34. Be4 $17 {was necessary.}) 34... Qb4 35. b3 Re8 {Strongly threatening ...Re1+.} 36. Qf2 {[#]} (36. Kf2 $142) 36... Rxc4 $1 {[%mdl 576] Pin. Accuracy: White = 48%, Black = 65%.} 0-1

[Event "XIV American Continental-ch 2019"]
[Site "Sao Paulo"]
[Date "2019.07.11"]
[Round "9.17"]
[White "Sarkar, Justin"]
[Black "Acosta, Pablo Alejandro"]
[Result "1/2-1/2"]
[WhiteElo "2389"]
[BlackElo "1992"]
[Annotator "TA"]
[PlyCount "34"]
[EventDate "2019.07.05"]
[EventType "swiss"]
[EventCountry "BRA"]
[SourceTitle "playchess.com"]
[Source "ChessBase"]
[SourceQuality "1"]

{[%evp 12,34,16,0,39,33,63,58,45,56,41,10,10,9,8,9,7,11,11,0,0,0,0,-29,-15]} 1. d4 Nf6 2. c4 e6 3. Nc3 d5 4. Bg5 Be7 5. Nf3 h6 6. Bxf6 Bxf6 7. Qb3 {[%cal Rc4d5]} c5 {D53: Queen's Gambit Declined: 4 Bg5 Be7: Early deviations} (7... dxc4 8. Qxc4 O-O 9. e3 b6 10. Be2 Bb7 11. O-O Nd7 12. Rfd1 a6 13. a4 Rc8 14. b4 c5 15. dxc5 bxc5 {1-0 (59) Bu,X (2730)-Cheparinov,I (2710) Riadh 2017}) 8. dxc5 {[%cal Rc4d5]} dxc4 9. Qxc4 O-O {White is slightly better.} 10. e3 Qa5 11. Rc1 $146 ({Predecessor:} 11. Nd4 Na6 12. Nb3 Qc7 13. Bd3 Be7 14. Nb5 Qe5 15. Qd4 Nxc5 16. Nxc5 {½-½ (16) Gligoric,S (2505)-Petrosian,A (2475) Yerevan 1989}) 11... Na6 12. Nd2 Qxc5 13. Nde4 Qe7 14. Nxf6+ Qxf6 15. Qf4 Qxf4 16. exf4 b6 17. Nb5 Rd8 1/2-1/2

[Event "XIV American Continental-ch 2019"]
[Site "Sao Paulo"]
[Date "2019.07.11"]
[Round "9.18"]
[White "Di Berardino, Diego Rafael"]
[Black "Guimaraes, Diogo Duarte"]
[Result "0-1"]
[WhiteElo "2506"]
[BlackElo "2307"]
[Annotator "TA"]
[PlyCount "66"]
[EventDate "2019.07.05"]
[EventType "swiss"]
[EventCountry "BRA"]
[SourceTitle "playchess.com"]
[Source "ChessBase"]
[SourceQuality "1"]

{[%evp 14,66,41,47,46,46,46,40,47,41,41,43,45,43,77,65,68,60,62,68,69,67,98,87,91,80,96,72,79,79,74,74,72,70,79,90,91,89,117,91,94,83,102,102,94,95,230,231,223,227,253,251,247,-578,-568]} 1. e4 e5 2. Nf3 Nc6 3. Bb5 Nf6 4. O-O Bc5 5. Nxe5 Nxe5 6. d4 c6 7. dxe5 Nxe4 8. Bd3 d5 {C65: Ruy Lopez: Berlin Defence (3...Nf6), unusual lines and 4 0-0 Bc5} 9. exd6 Nf6 10. Re1+ (10. Qe2+ Be6 11. Bf5 Qxd6 12. Bxe6 Qxe6 13. Qxe6+ fxe6 14. Nc3 Kf7 15. Bf4 Rad8 16. Rad1 {½-½ (56) Vallejo Pons,F (2684)-Anand,V (2803) Leon 2008}) 10... Be6 $1 {White is slightly better.} 11. Nc3 Qxd6 12. Bg5 Qd4 $146 ({Predecessor:} 12... Bd4 13. Bh4 O-O-O 14. Bg3 Qe7 15. Qf3 g5 16. Rad1 {1-0 (51) Doderer,H (2467)-Frenzel,L (2176) Remote email 2014}) 13. Qf3 O-O 14. Bxf6 Qxf6 {[#]} 15. Bxh7+ $1 {[%mdl 576] Decoy} Kxh7 16. Qh5+ {[%mdl 64] Double Attack} Kg8 17. Qxc5 Qf5 18. Ne4 Rfd8 19. Qc3 Rd5 20. Ng3 Qf4 21. Rad1 Rad8 22. Rxd5 Rxd5 23. a3 $40 {[%mdl 128] White attacks.} a5 24. h3 Kf8 25. Nf1 Kg8 26. Qe3 Qc4 27. Qc1 {Strongly threatening Ne3.} Qh4 28. Rd1 Rg5 29. Ng3 Bd5 (29... Re5 $16) 30. Qe3 $18 Rg6 31. Rd4 Qf6 32. c4 Be6 33. f4 $4 {[%mdl 8192] [#]} (33. Nh5 $18 {avoids the disaster.} Qe7 34. Nf4) 33... Rxg3 $1 {[%mdl 512] Accuracy: White = 78%, Black = 48%.} 0-1